<?xml version="1.0" encoding="UTF-8"?><?xml-stylesheet type="text/xsl" href="static/style.xsl"?><OAI-PMH xmlns="http://www.openarchives.org/OAI/2.0/" xmlns:xsi="http://www.w3.org/2001/XMLSchema-instance" xsi:schemaLocation="http://www.openarchives.org/OAI/2.0/ http://www.openarchives.org/OAI/2.0/OAI-PMH.xsd"><responseDate>2026-06-01T14:48:27Z</responseDate><request verb="GetRecord" identifier="oai:riuma.uma.es:10630/45333" metadataPrefix="marc">https://riuma.uma.es/rest/oai/request</request><GetRecord><record><header><identifier>oai:riuma.uma.es:10630/45333</identifier><datestamp>2026-02-11T00:46:18Z</datestamp><setSpec>com_10630_2254</setSpec><setSpec>col_10630_37959</setSpec></header><metadata><record xmlns="http://www.loc.gov/MARC21/slim" xmlns:dcterms="http://purl.org/dc/terms/" xmlns:doc="http://www.lyncode.com/xoai" xmlns:xsi="http://www.w3.org/2001/XMLSchema-instance" xsi:schemaLocation="http://www.loc.gov/MARC21/slim http://www.loc.gov/standards/marcxml/schema/MARC21slim.xsd">
   <leader>00925njm 22002777a 4500</leader>
   <datafield ind2=" " ind1=" " tag="042">
      <subfield code="a">dc</subfield>
   </datafield>
   <datafield ind2=" " ind1=" " tag="720">
      <subfield code="a">Melero-Jiménez, Ignacio José</subfield>
      <subfield code="e">author</subfield>
   </datafield>
   <datafield ind2=" " ind1=" " tag="720">
      <subfield code="a">Bañares-España, Elena</subfield>
      <subfield code="e">author</subfield>
   </datafield>
   <datafield ind2=" " ind1=" " tag="720">
      <subfield code="a">García-Sánchez, María Jesús</subfield>
      <subfield code="e">author</subfield>
   </datafield>
   <datafield ind2=" " ind1=" " tag="720">
      <subfield code="a">Flores-Moya, Antonio</subfield>
      <subfield code="e">author</subfield>
   </datafield>
   <datafield ind2=" " ind1=" " tag="260">
      <subfield code="c">2026-01-26</subfield>
   </datafield>
   <datafield ind2=" " ind1=" " tag="520">
      <subfield code="a">Photoautotrophic microorganisms play a key role in freshwater ecosystems, supporting primary production and biogeochemical cycles, but their survival is increasingly threatened by rapid environmental change. Understanding how these photosynthetic organisms respond to stressors such as salinity, temperature, and herbicide exposure is crucial for predicting ecosystem resilience. Here, we explored the adaptive capacity of two widespread photoautotrophs, Microcystis aeruginosa and Chlamydomonas reinhardtii, under multiple environmental stresses using experimental evolution and eco-evolutionary approaches. Our results show that gradual increases in stress facilitated evolutionary rescue through the selection of beneficial spontaneous mutants, whereas abrupt stress often exceded adaptive potential, leading to population collapse. We further found that resistant cells exhibited measurable trade-offs, including reduced growth rates and lower photosynthetic eficiency relative to their wild-type ancestors, suggesting that adaptation can critically compromise primary production. Rather than identifying specific adaptive mechanisms or resistance mutations, our work highlights evolutionary trends that provide insights into how these photoautotrophic populations may respond to future environmental challenges. Overall, we offer a predictive framework for understanding the resilience, limitations, and potential adaptive pathways of primary producers in rapidly
changing freshwater ecosystems.</subfield>
   </datafield>
   <datafield ind1="8" ind2=" " tag="024">
      <subfield code="a">https://hdl.handle.net/10630/45333</subfield>
   </datafield>
   <datafield tag="653" ind2=" " ind1=" ">
      <subfield code="a">Microorganismos - Efectos de la temperatura - Congresos</subfield>
   </datafield>
   <datafield ind2="0" ind1="0" tag="245">
      <subfield code="a">Experimental evolution reveals adaptive limits and evolutionary dynamics of freshwater photoautotrophs under environmental stress</subfield>
   </datafield>
</record>
</metadata></record></GetRecord></OAI-PMH>